000
00335nam a2200133Ia 4500
003
LDD
008
190117s9999 xx 000 0 und d
020
_c
₹20
040
_c
LDD
041
_a
hi
100
_a
बालकृष्ण
245
0
_a
विज्ञान की बाते
_c
बालकृष्ण
942
_2
ddc
_c
H
999
_c
164735
_d
164735